Y de nuevo, la eutanasia una mirada nacional e internacional /

Bibliographic Details
Main Author: de la Torre, Javier
Other Authors: Marcos, Ana Mara̕
Format: eBook
Language:Spanish
Published: Madrid: Dykinson, 2019
Subjects:
Online Access:Acceso restringido

MARC

LEADER 00000nam a22000007a 4500
005 2019080707587.0
007 cr|||| ||||
008 190807s2019 es |||||s|||| 00||0 spa d
020 |a 978-84-1324-057-2 
035 |a 23786 
040 |a vLex 
090 |c 9121  |d 9121 
100 1 |a de la Torre, Javier 
245 1 0 |a Y de nuevo, la eutanasia  |h [Recurso electrn̤ico] :  |b una mirada nacional e internacional /  |c Javier de la Torre, Ana Mara̕ Marcos 
256 |a Servicio en ln̕ea 
260 |a Madrid:  |b Dykinson,  |c 2019 
300 |a 1 recurso electrn̤ico 
506 1 |a Disponible solo en los productos indicados  |d vLex Global  |d vLex Global (Academic Edition, excluding Law Schools)  |d vLex Global (U.S. Academic Edition, Law Schools)  |d vLex Global (U.S. Academic Edition, excluding Law Schools)  |d vLex Global (Academic Edition, Law Schools) 
650 0 4 |a Derecho Civil  |z Espaą 
650 0 4 |a Derecho Internacional  |z Espaą 
700 1 |a Marcos, Ana Mara̕ 
740 0 |a vLex Libros (Servicio en ln̕ea) 
856 4 0 |u http://vlex.com/source/nuevo-eutanasia-mirada-nacional-internacional-23786  |z Acceso restringido 
942 |c BOOK 
999 0 |a Civil Law 
999 0 |a International Law